00849nam a22002177a 450000500170000001000150001702000260003203500140005803700090007208200150008124501110009625000060020726000480021327000800026130000250034170000330036670000330039994200260043299900190045895201540047720251204163940.0 aENG-147238 a9789354919121c275.00 aEN-130770 bDBAD a320.10121 aBeyond Boundaries:bA Study of Social impact on Mann Ki Baat/cEdited by Badri Narayan [and] Subhash kumar a1 aNew DelhibNational Book Trust, Indiac2023 aNehru Bhawan, 5 Institutional Area, Phase-II Vasant KunjbNew Delhie110070 axxv, 92p..c21cm(pb) aBadri NarayaneEditor985864 aSubhash KumareEditor985865 2ddccENmBEYh320.101 c213846d213846 001040708NFICaMbMd2025-12-04eDelivery of Books Act Divisiong275.00l0oBEY 320.101pEN-130770r2025-12-04 00:00:00t1v275.00w2025-12-04yEN